| 000 | 00766cam a2200253 4500 | ||
|---|---|---|---|
| 001 | ABS63826 | ||
| 008 | 000000n2001 000 0 eng u | ||
| 035 | _a(Sirsi) u112093 | ||
| 245 | _aFocus 2001: Surrey | ||
| 260 | _c2001 | ||
| 490 |
_aEstates Gazette _v(0015) 14 April 2001, 75-102(12) |
||
| 590 | _aABS | ||
| 650 | _aSURREY | ||
| 650 | _aCROYDON | ||
| 650 | _aCAMBERLEY | ||
| 650 | _aGUILDFORD | ||
| 650 | _aHIGH TECH COMPANIES | ||
| 650 | _aINDUSTRIAL DEVELOPMENT | ||
| 650 | _aLEISURE MARKET | ||
| 650 | _aPROPERTY-COMMERCIAL PROPERTY-RETAIL PROPERTY-RETAIL PROPERTY MARKET | ||
| 650 | _aPROPERTY-COMMERCIAL PROPERTY-OFFICE PROPERTY-OFFICE PROPERTY MARKET | ||
| 690 | _aPROPERTY-COMMERCIAL PROPERTY-COMMERCIAL PROPERTY MARKET | ||
| 942 | _n0 | ||
| 999 |
_c66753 _d66753 |
||